Social structure of a planned city, Chandigarh, (Record no. 82599)
[ view plain ]
| 000 -LEADER | |
|---|---|
| fixed length control field | 01162cam a22002771 4500 |
| 001 - CONTROL NUMBER | |
| control field | sa 68008830 |
| 003 - CONTROL NUMBER IDENTIFIER | |
| control field | DLC |
| 005 - DATE AND TIME OF LATEST TRANSACTION | |
| control field | 20260227112537.0 |
| 008 - FIXED-LENGTH DATA ELEMENTS--GENERAL INFORMATION | |
| fixed length control field | 781030s1968 ii ae b 000 0 eng |
| 010 ## - LIBRARY OF CONGRESS CONTROL NUMBER | |
| LC control number | sa 68008830 |
| 025 ## - OVERSEAS ACQUISITION NUMBER | |
| Overseas acquisition number | PL480:I-E-9947 |
| 035 ## - SYSTEM CONTROL NUMBER | |
| System control number | (OCoLC)4328996 |
| 040 ## - CATALOGING SOURCE | |
| Original cataloging agency | DLC |
| Transcribing agency | MH |
| Modifying agency | MH |
| -- | OCoLC |
| -- | DLC |
| 050 00 - LIBRARY OF CONGRESS CALL NUMBER | |
| Classification number | HT169.I52 |
| Item number | C48 |
| 082 ## - DEWEY DECIMAL CLASSIFICATION NUMBER | |
| Classification number | 301.3/64/095455 |
| 100 1# - MAIN ENTRY--PERSONAL NAME | |
| Personal name | D'Souza, Victor Salvadore, |
| Dates associated with a name | 1923- |
| 245 10 - TITLE STATEMENT | |
| Title | Social structure of a planned city, Chandigarh, |
| Statement of responsibility, etc. | by Victor S. D'Souza, assisted by a research team. |
| 260 ## - PUBLICATION, DISTRIBUTION, ETC. | |
| Place of publication, distribution, etc. | Bombay, |
| Name of publisher, distributor, etc. | Orient Longmans |
| Date of publication, distribution, etc. | [1968] |
| 300 ## - PHYSICAL DESCRIPTION | |
| Extent | xv, 408 p. |
| Other physical details | illus., plan. |
| Dimensions | 25 cm. |
| 500 ## - GENERAL NOTE | |
| General note | "This study was undertaken in the Department of Sociology, Panjab University, under the sponsorship and with the financial assistance of the Research Programmes Committee of the Planning Commission, Government of India." |
| 504 ## - BIBLIOGRAPHY, ETC. NOTE | |
| Bibliography, etc. note | Bibliographical footnotes. |
| 650 #0 - SUBJECT ADDED ENTRY--TOPICAL TERM | |
| Topical term or geographic name entry element | City planning |
| Geographic subdivision | India |
| -- | Chandīgarh. |
| 651 #0 - SUBJECT ADDED ENTRY--GEOGRAPHIC NAME | |
| Geographic name | Chandīgarh (India) |
| General subdivision | Social conditions. |
| 710 1# - ADDED ENTRY--CORPORATE NAME | |
| Corporate name or jurisdiction name as entry element | India. |
| Subordinate unit | Planning Commission. |
| -- | Research Programmes Committee. |
| 710 2# - ADDED ENTRY--CORPORATE NAME | |
| Corporate name or jurisdiction name as entry element | Panjab University. |
| Subordinate unit | Department of Sociology. |
No items available.